Statistics for Geography General Knowledge

Click here to take the quiz!

General Stats

  • This quiz has been taken 39 times
  • The average score is 5 of 10

Answer Stats

HintAnswer% Correct
In which European city is the Sagrada Familia?Barcelona
86%
In which American city is the Lincoln Memorial?Washington D.C
81%
Which country's capital is Mogadishu?Somalia
75%
What is the largest border in the world?Canada/USA
72%
What is longest river in Asia?Yangtze
69%
What is the largest city in China? (in terms of population)Guangzhou/Shenzen
53%
In which country is the furthest point from the centre of the Earth?Ecuador
33%
What is the capital city of the country Georgia?Tblisi
33%
What is the 2nd largest country in the world without any rivers?Libya
19%
What is the tallest mountain in South America?Mount Aconcagua
8%

Score Distribution

Percentile by Number Answered

Percent of People with Each Score

Your Score History

You have not taken this quiz